00449nam a2200169Ia 4500003000400000008004100004040001600045082001900061100001800080245003100098700001600129260005000145650000900195650001600204650003000220650002900250GCL140319s9999 xx 000 0 eng d aGCL / cGCL04a779.49405bG H1 aGUYOT, CHARLY10aHELVETIE / cGUYOT, CHARLY1 aFREY, THECO a[S.N] : bEDITIONS IDES ET CALENDES ، c195404aARTS04aPHOTOGRAPHY04aPHOTOGRAPHS - EXHIBITIONS04aPHOTOGRAPHS - SWIZERLAND